000 00465nam a2200169Ia 4500
008 240729s9999 xx 000 0 und d
022 _a2003-184X
245 0 _aNordic Journal of Media Studies
260 _aPoland
260 _bSciendo
650 _a Communication. Mass media
650 _a Philology. Linguistics
650 _aLanguage and Literature
856 _uhttps://doaj.org/toc/df78011540ca4751abe3b0a5311eb5f0
942 _2ddc
942 _cDOAJEJ
999 _c66911
_d66911
945 _a1
_bMadushi Gamage
_c1
_dMadushi Gamage